000 00669nam a22001935i 4500
001 158244
003 ES-MaACL
005 20230906211055.0
008 040825s1858 be |||| | fre d
040 _aCAM
_bspa
_cCAM
080 _a234:232
100 1 _aLupus, J.
_cAbbé.
_9129152
245 1 3 _aLe traditionalisme et le rationalisme examinés au point de vue de la philosophie et de la doctrine catholique /
_cpar l'abbé J. Lupus.
260 _aLiége :
_b[s.n.],
_c1858 (
_fH. Dessain)
300 _a3 v. (X, 355; 606; 953 p.) ;
_c22 cm.
650 4 _aRacionalismo.
_916644
752 _aBélgica -
_dLieja
852 _aES-MaACL
_jG-8178-80
_z-- Enc. hol.
999 _c158244
_d158244